01318nam a2200337Ia 4500001001200000003000800012006001900020007001500039008004100054010001700095020001800112020001500130020002200145040002100167035002100188050002500209100002000234245015400254260006100408300002300469504006600492533015200558650001600710650002800726655002900754700001500783700002200798710001700820856012600837999001700963ebr10256946CaPaEBRm u cr cn|||||||||010523s2001 enka sb 001 0 eng d z 2001269386 z9780761967125 z0761967125 z0761967133 (pbk.) aCaPaEBRcCaPaEBR a(OCoLC)29486010714aBF637.C6bL35 2001eb1 aLapworth, Phil.10aIntegration in counselling and psychotherapyh[electronic resource] :bdeveloping a personal approach /cPhil Lapworth, Charlotte Sills and Sue Fish. aLondon ;aThousand Oaks, CA :bSAGE Publications,c2001. aix, 181 p. :bill. aIncludes bibliographical references (p. [166]-177) and index. aElectronic reproduction.bPalo Alto, Calif. :cebrary,d2009.nAvailable via World Wide Web.nAccess may be limited to ebrary affiliated libraries. 0aCounseling. 0aEclectic psychotherapy. 7aElectronic books.2local1 aFish, Sue.1 aSills, Charlotte.2 aebrary, Inc.40uhttp://site.ebrary.com/lib/rucke/Doc?id=10256946zAn electronic book accessible through the World Wide Web; click to view c13458d13458